User's guide to the media (Record no. 2786)
[ view plain ]
| 000 -LEADER | |
|---|---|
| fixed length control field | 00410nam a22001337a 4500 |
| 020 ## - INTERNATIONAL STANDARD BOOK NUMBER | |
| International Standard Book Number | 0851107905 |
| 082 ## - DEWEY DECIMAL CLASSIFICATION NUMBER | |
| Classification number | 302.2308 |
| 100 ## - MAIN ENTRY--PERSONAL NAME | |
| Personal name | David Porter |
| 245 ## - TITLE STATEMENT | |
| Title | User's guide to the media |
| 260 ## - PUBLICATION, DISTRIBUTION, ETC. | |
| Place of publication, distribution, etc. | England |
| Name of publisher, distributor, etc. | Inter varsity press |
| Date of publication, distribution, etc. | 1988 |
| 300 ## - PHYSICAL DESCRIPTION | |
| Extent | 94p |
| 942 ## - ADDED ENTRY ELEMENTS (KOHA) | |
| Koha item type | Book |
| Withdrawn status | Lost status | Damaged status | Not for loan | Collection code | Permanent Location | Current Location | Shelving location | Date acquired | Total Checkouts | Full call number | Barcode | Date last seen | Price effective from | Koha item type |
|---|---|---|---|---|---|---|---|---|---|---|---|---|---|---|
| Central Library (CL) | Central Library (CL) | General Stacks | 03/17/2016 | 302.2308 POR | S3H-N-155 | 03/17/2016 | 03/17/2016 | Book |
